书目信息 |
| 题名: |
连接组
|
|
| 作者: | 承现峻 著 ;孙天齐 译 | |
| 分册: | ||
| 出版信息: | 北京 清华大学出版社 2015.11 |
|
| 页数: | 10,362页 | |
| 开本: | 21cm | |
| 丛书名: | ||
| 单 册: | ||
| 中图分类: | Q189 | |
| 科图分类: | ||
| 主题词: | 神经科学 | |
| 电子资源: | ||
| ISBN: | 978-7-302-39380-1 | |
| 000 | 01152nam0 2200265 450 | |
| 001 | 0400004673 | |
| 005 | 20171024152445.0 | |
| 010 | @a978-7-302-39380-1@dCNY45.00 | |
| 100 | @a20160217d2015 em y0chiy50 ea | |
| 101 | 1 | @achi@ceng |
| 102 | @aCN@b110000 | |
| 105 | @aa z 000yy | |
| 106 | @ar | |
| 200 | 1 | @a连接组@9lian jie zu@b专著@e造就独一无二的你@dConnectome@ehow the brain''s wiring makes us who we are@f(美)承现峻(Sebastian Seung)著@g孙天齐译@zeng |
| 210 | @a北京@c清华大学出版社@d2015.11 | |
| 215 | @a10,362页@c图@d21cm | |
| 330 | @a本书介绍了神经科学的发展历程、基础知识,以及神经组学的研究方法与成果。这项工作如同攀登科学界的珠穆朗玛峰,如果成功,将为个性、智能、记忆等的研究提供基础,对孤独症、阿尔茨海默症、精神分裂症等精神疾病的治疗产生极大影响,人工智能也将由此获得希望。 | |
| 510 | 1 | @aConnectome@ehow the brain''s wiring makes us who we are@zeng |
| 517 | 1 | @a造就独一无二的你@9zao jiu du yi wu er de ni |
| 606 | 0 | @a神经科学 |
| 690 | @aQ189@v5 | |
| 701 | 0 | @c(美)@a承现峻@9cheng xian jun@c(Seung, Sebastian)@4著 |
| 702 | 0 | @a孙天齐@9sun tian qi@4译 |
| 801 | 0 | @aCN@b91MARC@c20171024 |
| 905 | @b1038770-4@dQ189@f5@e230 | |
| 连接组:造就独一无二的你=Connectome:how the brain''s wiring makes us who we are/(美)承现峻(Sebastian Seung)著/孙天齐译.-北京:清华大学出版社,2015.11 |
| 10,362页:图;21cm |
| ISBN 978-7-302-39380-1:CNY45.00 |
| 本书介绍了神经科学的发展历程、基础知识,以及神经组学的研究方法与成果。这项工作如同攀登科学界的珠穆朗玛峰,如果成功,将为个性、智能、记忆等的研究提供基础,对孤独症、阿尔茨海默症、精神分裂症等精神疾病的治疗产生极大影响,人工智能也将由此获得希望。 |
| ● |
| 相关链接 |
|
|
|
|
正题名:连接组
索取号:Q189/230
 
预约/预借
| 序号 | 登录号 | 条形码 | 馆藏地/架位号 | 状态 | 备注 |
| 1 | 1038770 | 210387703 | 第二样本阅览室/ [索取号:Q189/230] | 在馆 | |
| 2 | 1038771 | 210387712 | 密集书库-生命科学系/ [索取号:Q189/230] | 在馆 | |
| 3 | 1038772 | 210387721 | 第三借阅区/ [索取号:Q189/230] | 在馆 | |
| 4 | 1038773 | 210387730 | 第三借阅区/ [索取号:Q189/230] | 在馆 | |
| 5 | 1038774 | 210387749 | 第三借阅区/ [索取号:Q189/230] | 在馆 |